000 00651cam a2200193 a 4500
001 000016274
005 20200929164340.0
008 910822s1988 cu a 000 0cspa
040 _aDO-SdBNP
_bspa
_cBNPHU
082 _a780.92
_bV145c
100 1 _aValdés, Carmen,
_d1915-
_936339
245 1 0 _a5 músicos latinoamericanos /
_cCarmen Valdés Sicardó; prólogo de María Teresa Linares.
246 0 _aCinco músicos latinoamericanos.
260 _aCiudad de La Habana :
_bGente Nueva,
_cc1988.
300 _a103 p. :
_bil. ;
_c18 cm.
490 0 _aBiografías
650 4 _aMusicos
_zAmérica Latina
_xBiografías
_936340
830 0 _aBiografias
_95554
999 _c15810
_d15810